000 00496nam a2200121Ia 4500
008 220216s9999 xx 000 0 und d
100 _aJacob C K
245 0 _aSymptoms of Corynespora leaf disease on rubber (Hevea brasiliensis)
260 _bIn: Corynespora leaf disease of Hevea brasiliensis: Strategies for management. (Ed. C. Kuruvilla Jacob). Rubber Research Institute of India, Kottayam, Kerala, pp.17-25.
650 _aCorynespora leaf disease
650 _aDisease synptoms
942 _cBS
999 _c50032
_d50032